Scandinavia, including Denmark, Norway, Sweden, Finland, Iceland (Record no. 2014)

000 -LEADER
fixed length control field 00375nam a22000977a 4500
008 - FIXED-LENGTH DATA ELEMENTS--GENERAL INFORMATION
fixed length control field 160516b xxu||||| |||| 00| 0 eng d
100 ## - MAIN ENTRY--AUTHOR'S NAME
Author's Name Stanley Gibbons
245 ## - TITLE STATEMENT
Title Scandinavia, including Denmark, Norway, Sweden, Finland, Iceland
260 ## - PUBLICATION, DISTRIBUTION, ETC. (IMPRINT)
Place of publication, distribution, etc. London, England
Name of publisher, distributor, etc. Stanley Gibbons
Date of publication, distribution, etc. 1971
650 ## - TOPICAL TERM (Tag)
Topical term or geographic name Scandinavia | Catalogs and Price Lists | Denmark | Norway Sweden | Finland | Iceland
Holdings
Withdrawn status Lost status Source of classification or shelving scheme Damaged status Koha normalized classification for sorting Not for loan Permanent Location Current Location Date acquired Total Checkouts Full call number Barcode Date last seen Copy number Price effective from
        G6911 A1 S787   Northern Philatelic Library Northern Philatelic Library 05/16/2016   G6911 A1 S787 1002342 05/16/2016 1 05/16/2016

Powered by Koha